| 000 | 00787cab a2200253 4500 | ||
|---|---|---|---|
| 001 | ABS54995 | ||
| 008 | 090401t1996 xxu||||| |||| 00| 0 eng d | ||
| 035 | _a(Sirsi) u13519 | ||
| 041 | _aeng | ||
| 100 | _aRussell, D. | ||
| 245 | _aWorking for a charity involves professional liability | ||
| 260 | _c1996 | ||
| 350 | _a0 | ||
| 490 |
_aCSM (Chartered Surveyor Monthly) _v5(7) April 1996, 37(1) |
||
| 520 | _aExplains the importance of professional indemnity insurance for those involved in voluntary work. | ||
| 650 | _aCHARITY WORK | ||
| 650 | _aPROFESSIONAL INDEMNITY INSURANCE | ||
| 650 | _aRUN-OFF COVER | ||
| 650 | _aVOLUNTARY WORK | ||
| 690 |
_aINSURANCE _96249 |
||
| 690 | _aMANAGEMENT-BUSINESS MANAGEMENT-PROFESSIONAL PRACTICE | ||
| 942 | _n0 | ||
| 948 | _c04/03/1997 | ||
| 999 |
_c8712 _d8712 |
||